Quizzes
Events
Quiz Creation
Community
Videos
Private Events
Remove Ads
Sign In
Join for FREE
Feedback
Dark Mode
Quiz Categories
Sports
Geography
Music
Movies
Television
Just For Fun
Miscellaneous
History
Literature
Language
Science
Gaming
Entertainment
Religion
Holiday
For Kids
Quiz Lab
Recent
Popular Today
Quiz Kudos Today
Editor Picks
Curator Picks
Quizzes by...
Day
Popularity
Type
Ratings
Length
Year
Community
Subscriptions
Recent Discussions
Orange Saloon
Badges
Playlists
Quests
Create
Leaderboards
Showdown
Live 5
Trivia Bingo
Activity
Puzzle Library
Sporcle Events
Private Events
Virtual Trivia
Globe League
Become a Host
Pub Owners
SporcleCon
Opinionation
Our Games
Videos
Blog
Mobile Apps
Partnerships
Remove Ads and Go Orange
Feedback
Television
TV Characters
TV Show
Sitcom
Network
Friends
Reality Shows
Cast
South Park
Star Trek
The Simpsons
Doctor Who
Television
TV Characters
TV Show
Sitcom
Network
Friends
Reality Shows
Cast
South Park
Star Trek
The Simpsons
Doctor Who
Random Quiz
Search Sporcle
×
Quiz Lab
Quiz Lab
Television
TV Show
Type in answers that appear in a list
Type in answers that appear in a list
Classic
Best Score? Go Orange.
Full House Super Quiz Stats
Can you answer all of these Full House Super Fan questions?
By
Savannah_Gabby
5m
20 Questions
1,024 Plays
1,024 Plays
1,024 Plays
Comments
Comments
Give Quiz Kudos
Give Quiz Kudos
-
- Ratings
hide this ad
Replay
Link that replays current quiz
Next Quiz
Link to next quiz in quiz playlist
You Got
0%
They Got
Avg Score
53%
Avg Friend Score
Upgrade to see
Score Distribution
Jump to the score distribution portion of the page
Score
0/20
Timer
05:00
0
Plays Today
Questions
Answer
% Correct
Whose birthday is Nicky & Alex born on?
Michelle
81.3%
What day of the week does Danny Tanner sweep the stairs?
everyday
74.6%
Who does Michelle get 'married' to?
Steve
74.2%
Whose 16th birthday did DJ forget?
Kimmy
74%
What was Stephanie's favorite stuffed toy growing up?
Mr. Bear
72.7%
Who does Stephanie get 'married' to?
Harry
70.6%
Who eventually becomes a producer of 'Wake Up, San Francisco?'
Rebecca
65%
What does Uncle Jesse call his favorite comb?
Mr. Goodpart
61.9%
What is Comet's mom's name?
Minnie
56.1%
What animal saves the house from a fire?
Pig
54.1%
Questions
Answer
% Correct
What does Jesse give Michelle in a picture frame when he moves out?
Pink Bunny
50.4%
What was DJ's favorite stuffed toy growing up?
Pillow Person
48.5%
Who was Nicky named after?
Jesse's Dad
47.9%
What was Danny's occupation before 'Wake Up, San Francisco?'
Sportscaster
47.3%
What actor wasn't originally in the cast in the original pilot that never aired?
Bob Saget
44%
What song did Stephanie dance to during 'Our Very First Telethon?'
Love Shack
42.3%
Where does Vicky move to, causing her and Danny to end their relationship?
New York City
37.9%
What game do Kimmy, DJ, Stephanie, and MIchelle play around Kimmy's brother's car, 'Wild Thing'?
Ring Around the Chevy
33%
What word does Stephanie misspell at the Spelling Bee?
mnemonic
23.1%
Who does DJ get 'married' to?
Sylvio
18.2%
Quiz Playlist
Details
Report
Send in Message
Add To Playlist
Classic:
Type in answers that appear in a list
Last Updated: Feb 16, 2017
Quiz Scoreboard
CHALLENGE
Sign Up to Join the Scoreboard
Show All
Scores
Hide
Comments
May contain spoilers
Recently Published
Movies - When Are They Set?
by FPL_Elf
Movies
5m
Popular People in 1961
by mucciniale
History
6m
1-10 Letter E Words III
by El_Dandy
Language
2m
More to Explore
Quiz From the Vault
Featured Blog Post
Where Did the Easter Bunny Come From?
hide this ad
You Might Also Like...
Tags
Sitcom Quiz
TV Show Quiz
1990s
Full House
US Sitcoms
Today's Top Quizzes in Television
Browse Television
hide this ad
Today's Top Quizzes in TV Show
Browse TV Show
Top Contributed Quizzes in Television
1
One Piece Logic Puzzle
2
Survivor Logic Puzzle: Heroes vs. Villains
3
Survivor Seasons
4
Survivor Season by Logo
5
Survivor Trivia
6
Survivor Logic Puzzle: Winners at War
7
Ultimate Survivor Logic Puzzle
8
Phoebe Buffay Quotes
9
One Thing in Common: Television
10
Who Wants to Be a Millionaire?
Explore More
Trending Topics
Kpop
Disney
Marvel
Harry Potter
Crossword
NBA
Anime
NFL
WWE
The Office
Pokémon
Country
Song
Puzzle
Soccer
hide this ad
More By:
Savannah_Gabby
Quiz
Plays
Rating
Category
Featured
Created
Full House Super Quiz
1,024
5.00
Television
Jan 8, 2016
Go to Creator's Profile
Score Distribution
Quiz Creator Spotlight
Savannah_Gabby
Follow
Send a Message
Quizzes Created
-
Created Quiz Play Count
-
More By This Creator
Popular Quizzes Today
1
Find the US States - No Outlines Minefield
2
Find the Countries of Europe - No Outlines Minefield
3
The Countries of the World
4
Popular People in 1961
5
1-10 Letter E Words III
6
US States
7
Find the US States
8
One Thing in Common: World Cities II
More Television Quizzes
Babylon 5 Opening Narration (Season 1)
Quiz Lab
Trending Quizzes
Risky Map Clicking: Least Populous States A-Z
1-10 Letter F Words
Humor Books: The Subtitles
1-10 Letter G Words
One Thing in Common: United Kingdom
Recently Updated
Leaping Animals
pecheneg
Reality TV Shows (A-Z)
bhenderson79
Rickey Henderson's Hall of Fame Teammates
pecheneg
Champions League XIs: Arsenal
pecheneg
Quick Pick: Celebrities in WWE's Hall of Fame
aduchscher
A-Z Keypad Blitz II
pecheneg
Multiple Oscar Actors
pecheneg
Mystery Phrase Blitz: Oscar 'Best Actors'
pecheneg
F. Scott Fitzgerald Novels
LTH
Pick 3 Villains
ddd62291
Trending Topics
Crossword
Disney
NBA
Kpop
Harry Potter
Marvel
Anime
Song
Country
Soccer
Puzzle
The Office
Pokémon
NFL
WWE
Your Account Isn't Verified!
In order to create a playlist on Sporcle, you need to verify the email address you used during registration. Go to your
Sporcle Settings
to finish the process.
Report this User
Report this user for behavior that violates our
Community Guidelines
.
Details:
Send Report
Go to the Sporcle.com Mobile Site →
Comments